How businesses see government : (Record no. 3714)
[ view plain ]
| 000 -LEADER | |
|---|---|
| fixed length control field | 01153mam a2200349 a 4500 |
| 001 - CONTROL NUMBER | |
| control field | 2101027 |
| 003 - CONTROL NUMBER IDENTIFIER | |
| control field | Nust |
| 005 - DATE AND TIME OF LATEST TRANSACTION | |
| control field | 20170105101223.0 |
| 008 - FIXED-LENGTH DATA ELEMENTS--GENERAL INFORMATION | |
| fixed length control field | 971205s1998 dcua b 000 0 eng |
| 010 ## - LIBRARY OF CONGRESS CONTROL NUMBER | |
| LC control number | 97050467 |
| 020 ## - INTERNATIONAL STANDARD BOOK NUMBER | |
| International Standard Book Number | 082134174X |
| 035 ## - SYSTEM CONTROL NUMBER | |
| System control number | (OCoLC)ocm38073378 |
| 040 ## - CATALOGING SOURCE | |
| Original cataloging agency | DLC |
| Transcribing agency | DLC |
| Modifying agency | NNC |
| 050 00 - LIBRARY OF CONGRESS CALL NUMBER | |
| Classification number | HD3612 |
| Item number | .B78 1998 |
| 082 00 - DEWEY DECIMAL CLASSIFICATION NUMBER | |
| Classification number | 338.9 |
| Edition number | 21 |
| 100 1# - MAIN ENTRY--PERSONAL NAME | |
| Personal name | Brunetti, Aymo. |
| 245 10 - TITLE STATEMENT | |
| Title | How businesses see government : |
| Remainder of title | responses from private sector surveys in 69 countries / |
| Statement of responsibility, etc. | Aymo Brunetti, Gregory Kisunko, Beatrice Weder. |
| 260 ## - PUBLICATION, DISTRIBUTION, ETC. | |
| Place of publication, distribution, etc. | Washington, D.C. : |
| Name of publisher, distributor, etc. | World Bank, |
| Date of publication, distribution, etc. | 1998. |
| 263 ## - PROJECTED PUBLICATION DATE | |
| Projected publication date | 9801 |
| 300 ## - PHYSICAL DESCRIPTION | |
| Extent | vii, 66 p. : |
| Other physical details | ill. ; |
| Dimensions | 27 cm. |
| 490 1# - SERIES STATEMENT | |
| Series statement | Discussion paper / IFC, International Finance Corporation ; |
| Volume/sequential designation | no. 33 |
| 504 ## - BIBLIOGRAPHY, ETC. NOTE | |
| Bibliography, etc. note | Includes bibliographical references. |
| 650 #0 - SUBJECT ADDED ENTRY--TOPICAL TERM | |
| Topical term or geographic name entry element | Trade regulation. |
| 650 #0 - SUBJECT ADDED ENTRY--TOPICAL TERM | |
| Topical term or geographic name entry element | Business enterprises |
| General subdivision | Government policy. |
| 650 #0 - SUBJECT ADDED ENTRY--TOPICAL TERM | |
| Topical term or geographic name entry element | Industrial policy. |
| 650 #0 - SUBJECT ADDED ENTRY--TOPICAL TERM | |
| Topical term or geographic name entry element | Entrepreneurship. |
| 700 1# - ADDED ENTRY--PERSONAL NAME | |
| Personal name | Kisunko, Gregory. |
| 700 1# - ADDED ENTRY--PERSONAL NAME | |
| Personal name | Weder, Beatrice. |
| 830 #0 - SERIES ADDED ENTRY--UNIFORM TITLE | |
| Uniform title | Discussion paper (International Finance Corporation) ; |
| Volume/sequential designation | no. 33. |
| 942 ## - ADDED ENTRY ELEMENTS (KOHA) | |
| Source of classification or shelving scheme | |
| Koha item type | Book |
| Withdrawn status | Lost status | Source of classification or shelving scheme | Damaged status | Not for loan | Collection code | Permanent Location | Current Location | Shelving location | Date acquired | Total Checkouts | Full call number | Barcode | Date last seen | Price effective from | Koha item type |
|---|---|---|---|---|---|---|---|---|---|---|---|---|---|---|---|
| Central Library (CL) | Central Library (CL) | General Stacks | 11/28/2016 | 338.9 BRU | S3H-N-1270 | 11/28/2016 | 11/28/2016 | Book |
